| 000 | 00615nam a2200229Ia 4500 | ||
|---|---|---|---|
| 003 | OSt | ||
| 005 | 20220924132656.0 | ||
| 006 | a|||||r|||| 00| 0 | ||
| 007 | ta | ||
| 008 | 220923b |||||||| |||| 00| 0 san d | ||
| 024 | _a76758 | ||
| 037 | _cTextual | ||
| 040 |
_aARTS _cARTS _bsan |
||
| 041 |
_2san _asan |
||
| 082 | _aR672xG80:82, 15H9 (-) | ||
| 100 | _aSrinivasadasa | ||
| 245 | 0 | _aYatindramatdipika tr into English by Adidevananda | |
| 260 | _c1949 | ||
| 650 |
_aNAYA PHILOSOPHY _95683 |
||
| 942 |
_hR672xG80:82, 15H9 (-) _cTEXL _2CC |
||
| 999 |
_c431122 _d431122 |
||